000 00671nam a2200241Ia 4500
003 OSt
005 20221005040239.0
006 a|||||r|||| 00| 0
007 ta
008 221004b |||||||| |||| 00| 0 eng d
024 _a27433
037 _cTextual
040 _aCRL
_cCRL
_beng
041 _2eng
_aeng
082 _aB0bQ1, M9
100 _aTirthaji Bharati Krsna
245 0 _aVedic mathematics or sixteen simple mathematical formulae from the vedas
260 _aDelhi
_bMotilal Banarsidass
_c1989
300 _a367p
_ccm.
650 _aMATHEMATICS
942 _hB0bQ1, M9
_cTEXL
_2cc
999 _c946627
_d946627